| 000 | 00696nam a2200265Ia 4500 | ||
|---|---|---|---|
| 008 | 160319s9999 xx 000 0 und d | ||
| 020 | _a9780375924774 | ||
| 050 | _aFic | ||
| 050 | _b.H813g 2005 | ||
| 100 | _aHorning, Sandra | ||
| 245 | 4 | _aThe giant hug / | |
| 245 | _cby Sandra Horning ; illustrated by Valeri Gorbachev. | ||
| 260 | _aNew York : | ||
| 260 | _bRandom House, | ||
| 260 | _c2005 | ||
| 300 | _a1 volume (unpaged) : | ||
| 300 | _bcolor illustrations ; | ||
| 300 | _c29 cm | ||
| 650 | _aGrandmothers -- | ||
| 650 | _aHugging -- | ||
| 650 | _aPostal service -- | ||
| 650 | _xJuvenile fiction. | ||
| 650 | _xJuvenile fiction. | ||
| 650 | _xJuvenile fiction. | ||
| 999 |
_c292037 _d292037 |
||